Postavenie a funkcie maloobchodu v regiónoch Slovenska

Postavenie maloobchodu na Slovensku. Funkcie maloobchodu v regiónoch Slovenska. Vybrané ukazovatele vyspelosti regiónov Slovenska. Maloobchodné subjekty podľa jednotlivých NUTS 3 Slovenska - vykazujúce jednotky, počet zamestnancov, tržby. Príspevok potvrdzuje význam maloobchodu v podmienkach Slovens...

ver descrição completa

Na minha lista:
Detalhes bibliográficos
Autor principal: Dudáš-Pajerská, Erika, 1988-
Formato: Capítulo de Livro
Idioma:eslovaco
Assuntos:
Tags: Adicionar Tag
Sem tags, seja o primeiro a adicionar uma tag!

MARC

LEADER 00000nla a2200000 4500
001 0181002
005 20240502073110.6
041 0 |a slo 
044 |a SK 
245 1 0 |a Postavenie a funkcie maloobchodu v regiónoch Slovenska  |c Erika Pajerská 
520 |a Postavenie maloobchodu na Slovensku. Funkcie maloobchodu v regiónoch Slovenska. Vybrané ukazovatele vyspelosti regiónov Slovenska. Maloobchodné subjekty podľa jednotlivých NUTS 3 Slovenska - vykazujúce jednotky, počet zamestnancov, tržby. Príspevok potvrdzuje význam maloobchodu v podmienkach Slovenska. 
610 2 0 |a maloobchod 
610 2 0 |a regióny 
610 2 0 |a disparita 
610 2 0 |a rozvoj regionálny 
610 2 0 |a Slovensko 
100 1 |a Dudáš-Pajerská, Erika, 1988-